000 02593cam a22004934i 4500
003 PE-LiUPU
005 20250731173332.0
008 150625s2005 miu r 000 0 eng d
020 _a0853645809
035 _a(Sirsi) i9780853645801
040 _aPE-LiUPU
_bspa
_cPE-LiUPU
_erda
049 _aPRUA
082 0 4 _a225.07
_bNIGTC19968
_221
100 1 _aHarries, Murray J.,
_eautor.
245 1 4 _aThe second epistle to the Corinthians :
_ba commentary on the greek text /
_cMurray J. Harris.
264 1 _aMichigan, Grand Rapids :
_bW.B. Eerdmans Pub. Co. ; Milton Keynes, UK : Paternoster Press,
_c2005.
300 _a989 páginas ;
_c25 centímetros.
336 _atext
_2rdacontent
337 _aunmediated
_2rdamedia
338 _avolume
_2rdacarrier
490 0 _aThe New International Greek Testament Commentary
505 0 _aLiterary Issues -- Historical issues -- Chronology of the relations of Paul, Timothy, and Titus with the Corinthian Church -- Summary of the theology of 2 corinthians -- Paul's explanation of his conduct and apostolic ministry (2 corinthians 1-7) -- Paul's affliction in Asia (2 cor. 1:8-11): the personal background to 2 corinthians -- Paul's summons to complete the collection (2corinthians 8-9) -- Paul's defense of his apostolic authority (s corinthians 10-13) -- Expanded paraphrase of 2 corinthians.
526 _aSEG42
526 _aSEG41
526 _aSEG40
526 _aSEG39
526 _aP94
526 _aP87
526 _aP86
526 _aP85
526 _aP77
526 _aP76
526 _aP35
541 _g103-3336991-5762639;
541 _g1057695742-4939426;
630 _aBiblia.
_pN.T.
_pCorintios II
_xComentarios.
942 _2ddc
_cBOOK
949 _a225.07 NIGTC 8 1996
_wDEWEY
_c1
_i59400
_d2016-10-23
_e2016-10-20
_lCCODEBUL1
_mBUL
_n1
_p56.00
_r0
_sY
_tBOOK
_u2015-6-25
_xTEOLOGIA
_zUNKNOWN
_0COMPRA
_o.STAFF. Colección Teología
949 _a225.07 NIGTC 8 1996
_wDEWEY
_c2
_i59365
_lCCODEBUL1
_mBUL
_p56.00
_r0
_sY
_tBOOK
_u2015-6-25
_xTEOLOGIA
_zUNKNOWN
_0COMPRA
_o.STAFF. Colección Teología
994 _aC0
_bPEPRU
596 _a1
999 _a225.07 NIGTC 8 1996
_wDEWEY
_c48153
_i59400
_d48153
_e2016-10-20
_f2021-11-9
_g5
_lCCODEBUL1
_mBUL
_n1
_p56.00
_r0
_sY
_tBOOK
_u2015-6-25
_xTEOLOGIA
_PP35
_0COMPRA
_o.STAFF. Colección Teología
999 _a225.07 NIGTC 8 1996
_wDEWEY
_c2
_i59365
_f2021-11-9
_g5
_lCCODEBUL1
_mBUL
_p56.00
_r0
_sY
_tBOOK
_u2015-6-25
_xTEOLOGIA
_zUNKNOWN
_0COMPRA
_o.STAFF. Colección General
980 _81
_gALBERTO SANCHEZ Responsable de Automatización